<?xml version="1.0" encoding="UTF-8"?>
<record
    xmlns:xsi="http://www.w3.org/2001/XMLSchema-instance"
    xsi:schemaLocation="http://www.loc.gov/MARC21/slim http://www.loc.gov/standards/marcxml/schema/MARC21slim.xsd"
    xmlns="http://www.loc.gov/MARC21/slim">

  <leader>00595nam a2200169Ia 4500</leader>
  <controlfield tag="008">110201s9999    xx            000 0 und d</controlfield>
  <datafield tag="082" ind1=" " ind2=" ">
    <subfield code="b">B1427</subfield>
    <subfield code="a">V 34</subfield>
  </datafield>
  <datafield tag="100" ind1=" " ind2=" ">
    <subfield code="a">&#x91C;&#x93E;&#x935;&#x921;&#x947;&#x915;&#x930; &#x938;&#x941;&#x92C;&#x94B;&#x927;</subfield>
  </datafield>
  <datafield tag="245" ind1=" " ind2=" ">
    <subfield code="a">&#x909;&#x926;&#x92F;&#x94B;&#x91C;&#x915;&#x93E;&#x902;&#x91A;&#x947; &#x905;&#x902;&#x924;&#x930;&#x902;&#x917;</subfield>
  </datafield>
  <datafield tag="260" ind1=" " ind2=" ">
    <subfield code="b">&#x924;&#x94D;&#x930;&#x93F;&#x926;&#x932; &#x92A;&#x94D;&#x930;&#x915;&#x93E;&#x936;&#x928;</subfield>
  </datafield>
  <datafield tag="365" ind1=" " ind2=" ">
    <subfield code="b">25</subfield>
  </datafield>
  <datafield tag="600" ind1=" " ind2=" ">
    <subfield code="a">&#x91C;&#x93E;&#x935;&#x921;&#x947;&#x915;&#x930; &#x938;&#x941;&#x92C;&#x94B;&#x927;</subfield>
  </datafield>
  <datafield tag="630" ind1=" " ind2=" ">
    <subfield code="a">&#x909;&#x926;&#x92F;&#x94B;&#x91C;&#x915;&#x93E;&#x902;&#x91A;&#x947; &#x905;&#x902;&#x924;&#x930;&#x902;&#x917;</subfield>
  </datafield>
  <datafield tag="700" ind1=" " ind2=" ">
    <subfield code="a">&#x91C;&#x93E;&#x935;&#x921;&#x947;&#x915;&#x930; &#x938;&#x941;&#x92C;&#x94B;&#x927;</subfield>
  </datafield>
  <datafield tag="730" ind1=" " ind2=" ">
    <subfield code="a">&#x909;&#x926;&#x92F;&#x94B;&#x91C;&#x915;&#x93E;&#x902;&#x91A;&#x947; &#x905;&#x902;&#x924;&#x930;&#x902;&#x917;</subfield>
  </datafield>
  <datafield tag="942" ind1=" " ind2=" ">
    <subfield code="c">BOOK</subfield>
  </datafield>
  <datafield tag="999" ind1=" " ind2=" ">
    <subfield code="c">828670</subfield>
    <subfield code="d">828667</subfield>
  </datafield>
  <datafield tag="952" ind1=" " ind2=" ">
    <subfield code="0">0</subfield>
    <subfield code="1">0</subfield>
    <subfield code="4">0</subfield>
    <subfield code="7">0</subfield>
    <subfield code="a">PMKV</subfield>
    <subfield code="b">PMKV</subfield>
    <subfield code="d">2011-02-01</subfield>
    <subfield code="g">25.00</subfield>
    <subfield code="l">0</subfield>
    <subfield code="p">PMKV-B1427</subfield>
    <subfield code="r">2011-02-01 00:00:00</subfield>
    <subfield code="v">25.00</subfield>
    <subfield code="w">2011-02-01</subfield>
    <subfield code="y">BOOK</subfield>
  </datafield>
</record>
